ARRUPE JESUIT UNIVERSITY

CORONAVIRUS -STOP THE SPREAD - CLEAN,DISINFECT,COVER

A mind of her own : (Record no. 128677)

MARC details
000 -LEADER
fixed length control field 01030pam a2200277 a 4500
001 - CONTROL NUMBER
control field 4786431
003 - CONTROL NUMBER IDENTIFIER
control field ARRUPE
005 - DATE AND TIME OF LATEST TRANSACTION
control field 20181129123103.0
008 - FIXED-LENGTH DATA ELEMENTS--GENERAL INFORMATION
fixed length control field 870610s1987 nyuaf b 001 0beng
010 ## - LIBRARY OF CONGRESS CONTROL NUMBER
LC control number 87018432
020 ## - INTERNATIONAL STANDARD BOOK NUMBER
International Standard Book Number 0671475185
040 ## - CATALOGING SOURCE
Original cataloging agency DLC
Transcribing agency DLC
Modifying agency DLC
050 00 - LIBRARY OF CONGRESS CALL NUMBER
Classification number RC438.6.H67
Item number Q56 1987
082 00 - DEWEY DECIMAL CLASSIFICATION NUMBER
Classification number 150.19/5/0924
-- B
Edition number 19
300 ## - PHYSICAL DESCRIPTION
Other physical details ill. ;
Dimensions 25 cm.
100 1# - MAIN ENTRY--PERSONAL NAME
Personal name Quinn, Susan,
Dates associated with a name 1940-
9 (RLIN) 43708
245 12 - TITLE STATEMENT
Title A mind of her own :
Remainder of title the life of Karen Horney /
Statement of responsibility, etc Susan Quinn.
260 ## - PUBLICATION, DISTRIBUTION, ETC. (IMPRINT)
Place of publication, distribution, etc New York :
Name of publisher, distributor, etc Summit Books,
Date of publication, distribution, etc c1987.
300 ## - PHYSICAL DESCRIPTION
Extent 479 p. :
500 ## - GENERAL NOTE
General note Includes index.
504 ## - BIBLIOGRAPHY, ETC. NOTE
Bibliography, etc "Works of Karen Horney": p. 463-466.
504 ## - BIBLIOGRAPHY, ETC. NOTE
Bibliography, etc Bibliography: p. 456-462.
600 10 - SUBJECT ADDED ENTRY--PERSONAL NAME
Personal name Horney, Karen,
Dates associated with a name 1885-1952.
9 (RLIN) 28052
650 #0 - SUBJECT ADDED ENTRY--TOPICAL TERM
Topical term or geographic name as entry element Psychoanalysts
Geographic subdivision United States
General subdivision Biography.
9 (RLIN) 43709
906 ## - LOCAL DATA ELEMENT F, LDF (RLIN)
a 7
b cbc
c orignew
d 1
e ocip
f 19
g y-gencatlg
942 ## - ADDED ENTRY ELEMENTS (KOHA)
Source of classification or shelving scheme Library of Congress Classification
Koha item type Monograph ( Printed materials)
Holdings
Withdrawn status Lost status Source of classification or shelving scheme Damaged status Not for loan Collection code Home library Current library Shelving location Date acquired Total Checkouts Full call number Barcode Date last seen Price effective from Koha item type
    Library of Congress Classification     Main Collection ARRUPE LIBRARY ARRUPE LIBRARY Main Collection 29/11/2018   RC438.6.H67 Q56 1987 46600002697 11/09/2019 29/11/2018 Monograph ( Printed materials)

 

Arrupe Library. PO Box MP320 Mt Pleasant, Harare, Zimbabwe
263 242 745411|librarian@aju.ac.zw